Marvel Heroes by Face #6 - Statistics

General Stats
  • This quiz has been taken 18 times
  • The average score is 11 of 20
Answer Stats
Picture Answer % Correct
Gambit
89%
Nova
89%
Okoye
72%
Shuri
72%
Yondu
72%
Dum Dum Dugan
67%
U.S. Agent
67%
Viv Vision
56%
Werewolf by Night
56%
Armor
50%
Crystal
50%
Doc Samson
50%
Jocasta
50%
Omega
50%
Fantomex
44%
Sharon Carter
44%
Swordsman
44%
Blink
39%
Marrow
39%
Shaman
28%
No matching quizzes found
Score Distribution
Percent of People with Each Score
Percentile by Number Answered
Your Score History
You have not taken this quiz